Normal view
MARC view
- Verderber,Rudolph F , Kathleen S.Verderber , Deanna D. Sellnow
Entry Personal Name
001 - CONTROL NUMBER
- control field: 2152
003 - CONTROL NUMBER IDENTIFIER
- control field: JO-AjAnu
005 - DATE AND TIME OF LATEST TRANSACTION
- control field: 20230606070645.0
008 - FIXED-LENGTH DATA ELEMENTS
- fixed length control field: 230606|| aca||aabn | a|a d
040 ## - CATALOGING SOURCE
- Original cataloging agency: JO-AjAnu
- Transcribing agency: JO-AjAnu
100 ## - HEADING--PERSONAL NAME
- Personal name: Verderber,Rudolph F , Kathleen S.Verderber , Deanna D. Sellnow
670 ## - SOURCE DATA FOUND
- Source citation: Work cat.: (JO-AjAnu)1129: Verderber,Rudolph F , Kathleen S.Verderber , Deanna D. Sellnow, author, THE CHALLENGE OF EFFECTIVE SPEAKING